Viajes de Ali Bey El Abbasi / (Record no. 28272)
[ view plain ]
| 000 -LEADER | |
|---|---|
| campo de control de longitud fija | 00805nam a2200217 i 4500 |
| 001 - NÚMERO DE CONTROL | |
| campo de control | 28272 |
| 003 - IDENTIFICADOR DE NÚMERO DE CONTROL | |
| campo de control | ES-MaACL |
| 005 - FECHA Y HORA DE LA ÚLTIMA TRANSACCIÓN | |
| campo de control | 20251012063041.0 |
| 007 - CAMPO FIJO DE DESCRIPCIÓN FÍSICA--INFORMACIÓN GENERAL | |
| campo de control de longitud fija | t| |
| 008 - DATOS DE LONGITUD FIJA--INFORMACIÓN GENERAL | |
| campo de control de longitud fija | 030116s1951 sp ||||1| spa d |
| 080 ## - NÚMERO DE LA CLASIFICACIÓN DECIMAL UNIVERSAL | |
| Número de la Clasificación Decimal Universal | 929 Ali Bey el Abbassi |
| 100 1# - ENTRADA PRINCIPAL--NOMBRE DE PERSONA | |
| Nombre de persona | Rodríguez de la Peña, H., |
| Fechas asociadas al nombre | 1886-1952 |
| 9 (RLIN) | 98451 |
| 245 10 - MENCIÓN DEL TÍTULO | |
| Título | Viajes de Ali Bey El Abbasi / |
| Mención de responsabilidad, etc. | Julio Romano (seud). |
| 260 ## - PUBLICACIÓN, DISTRIBUCIÓN, ETC. | |
| Lugar de publicación, distribución, etc. | Madrid : |
| Nombre del editor, distribuidor, etc. | Consejo Superior de Investigaciones Cientificas, Instituto de Estudios Africanos, |
| Fecha de publicación, distribución, etc. | 1951 ( |
| Fabricante | Ares) |
| 300 ## - DESCRIPCIÓN FÍSICA | |
| Extensión | 117 p. : |
| Otras características físicas | il. ; |
| Dimensiones | 24 cm. |
| 500 ## - NOTA GENERAL | |
| Nota general | Precede al tít.: Consejo Superior de Investigaciones Científicas. |
| 600 14 - PUNTO DE ACCESO ADICIONAL DE MATERIA--NOMBRE DE PERSONA | |
| Nombre de persona | Ali Bey el Abbassi, |
| Fechas asociadas al nombre | 1767-1822 |
| 9 (RLIN) | 19912 |
| 710 2# - ENTRADA AGREGADA--NOMBRE DE ENTIDAD CORPORATIVA | |
| Nombre de entidad corporativa o nombre de jurisdicción como elemento de entrada | Instituto de Estudios Africanos. |
| 9 (RLIN) | 4881 |
| 852 ## - LOCALIZACIÓN | |
| Ubicación | ES-MaACL |
| Número de control de estantería | D-7596 |
| Sublocalización o colección | R.31229 |
| Estatus retirado | Estado de pérdida | Estado de daño | No para préstamo | Biblioteca de origen | Biblioteca actual | Ubicación en estantería | Fecha de adquisición | Fuente de adquisición | Total de préstamos | Signatura topográfica completa | Código de barras | Visto por última vez | Precio de reemplazo | Tipo de ítem Koha |
|---|---|---|---|---|---|---|---|---|---|---|---|---|---|---|
| Biblioteca del Ateneo de Madrid | Biblioteca del Ateneo de Madrid | Sala Valle Inclán | 17/01/2008 | D-7596 | 901029185 | 23/02/2023 | 23/02/2023 | Libro impreso |
